000 00502nam a2200169 i 4500
001 47788
003 ES-MaACL
005 20230906161630.0
007 t|
008 030527q1850 fr ||||1| fre d
245 0 0 _aFrançois-Joseph :
_bempereur d'Autriche.
260 _a[Paris :
_bs.n.,
_cca. 1850] (
_fCh. Lahure)
300 _a36 p., [1] h. lám. ;
_c17 cm.
597 _aEjemplar falto de portada.
600 0 4 _aFrancisco José
_bI
_cEmperador de Austria.
_9158079
852 4 _aES-MaACL
_jT-28-F-7
999 _c47788
_d47788